| 000 | 00626nam a22002297a 4500 | ||
|---|---|---|---|
| 999 |
_c590 _d590 |
||
| 005 | 20190830121816.0 | ||
| 008 | 190830b ||||| |||| 00| 0 eng d | ||
| 020 | _a9789707753440 | ||
| 040 | _cKH8 | ||
| 082 | _a862 GAR | ||
| 100 | _aGarcía Lorca, Federico | ||
| 245 |
_aBodas de sangre / _cFederico García Lorca |
||
| 246 | _aBlood wedding | ||
| 260 |
_aMéxico : _bGrupo Editorial Tomo, _c2008. |
||
| 300 |
_a119 p. ; _c19 cm. |
||
| 440 | _aClasicos teatro | ||
| 650 | _aDrama español. | ||
| 650 | _aTeatro español. | ||
| 650 | _aAutores españoles. | ||
| 650 | _aLiteratura española. | ||
| 942 |
_2ddc _cNFIC |
||